000 00426nam a22001817a 4500
003 MPLRDC
005 20220104144133.0
008 210129b ||||| |||| 00| 0 eng d
020 _a7-80087-552-0
082 _a719.4 LH
100 _a林桦
245 _a丑陋的欧游人
_c
250 _a一版一刷
260 _a
_b中国发展出版社
_c2002
300 _b
650 _a世界游记
942 _cBK
_o719.4 LH
999 _c46732
_d46722